| 000 | 01814nam a2200445 i 4500 | ||
|---|---|---|---|
| 001 | ELB123927 | ||
| 003 | FINmELB | ||
| 005 | 20250326042943.0 | ||
| 006 | m o u | ||
| 007 | cr cn||||||||| | ||
| 008 | 201229s2019 ec ob 000 0 spa d | ||
| 020 |
_a9789942063892 _q(e-book) |
||
| 035 | _a(OCoLC)1230506246 | ||
| 040 |
_aFINmELB _bspa _erda _cFINmELB |
||
| 043 | _as-ec--- | ||
| 050 | 0 | 0 |
_aKHK2921 _b.O937 2019 |
| 080 | _a342(866) | ||
| 082 | 0 | 0 |
_a342.866 _223 |
| 100 | 1 |
_aOyarte Martínez, Rafael, _eautor. |
|
| 245 | 1 | 0 |
_aDerecho constitucional / _cRafael Oyarte. |
| 250 | _aTercera edición, actualizada y corregida. | ||
| 264 | 1 |
_aQuito : _bCorporación de Estudios y Publicaciones, _c2019. |
|
| 300 | _a1 recurso en línea (1348 páginas) | ||
| 336 |
_atexto _btxt _2rdacontent/spa |
||
| 337 |
_acomputadora _bc _2rdamedia/spa |
||
| 338 |
_arecurso en línea _bcr _2rdacarrier/spa |
||
| 504 | _aIncluye referencias bibliográficas (páginas 1281-1348). | ||
| 588 | _aDescripción basada en metadatos suministrados por el editor y otras fuentes. | ||
| 590 | _aRecurso electrónico. Santa Fe, Arg.: elibro, 2020. Disponible vía World Wide Web. El acceso puede estar limitado para las bibliotecas afiliadas a elibro. | ||
| 650 | 0 |
_aConstitutional law _zEcuador. |
|
| 650 | 4 |
_aDerecho constitucional _zEcuador. |
|
| 655 | 4 | _aLibros electrónicos. | |
| 775 | 0 | 8 |
_iRevision of: _aOyarte Martínez, Rafael. _tDerecho constitucional ecuatoriano y comparado. _bEdición primera. _dQuito, Ecuador : Corporación de Estudios y Publicaciones, 2014 _z9789942102232 |
| 797 | 2 | _aelibro, Corp. | |
| 856 | 4 | 0 | _uhttps://elibro.net/ereader/usam/123927 |
| 999 |
_c137936 _d137936 |
||